| 000 | 00947nam a2200265Ia 4500 | ||
|---|---|---|---|
| 003 | GCL | ||
| 008 | 140319s9999 xx 000 0 ara d | ||
| 040 |
_aGCL / _cGCL |
||
| 082 | 0 | 4 |
_a327.73056 _bن ا |
| 100 | 1 | _aنظام شرابى | |
| 245 | 1 | 0 |
_aامريكا والعرب: السياسة الامركية فى الوطن العربى فى القرن العشرين / _cنظام شرابى |
| 260 |
_a[S.N] : _bرياض الريس للكتب والنشر |
||
| 300 | _a796 | ||
| 490 | _a | ||
| 650 | 0 | 4 | _aالولايات المتحدة الامريكية |
| 650 | 0 | 4 | _aالشرق الاوسط |
| 650 | 0 | 4 | _aالوطن العربى |
| 650 | 0 | 4 | _aالبترول |
| 650 | 0 | 4 | _aثورة 23 يوليو 1952 |
| 650 | 0 | 4 | _aالسلام |
| 650 | 0 | 4 | _aالقومية العربية |
| 650 | 0 | 4 | _aالحرب العالمية الاولى 1914- 1918 |
| 650 | 0 | 4 | _aالحرب العالمية الثانية 1939 - 1945 |
| 942 |
_2ddc _cBK |
||
| 999 |
_c55683 _d55683 |
||